Typing Test - Statistics

General Stats
  • This quiz has been taken 43 times
  • The average score is 38 of 39
Answer Stats
Answer % Correct
a
100%
a
100%
a
100%
c
100%
d
100%
e
100%
e
100%
e
100%
e
100%
e
100%
i
100%
k
100%
k
100%
n
100%
n
100%
p
100%
p
100%
p
100%
p
100%
p
100%
r
100%
r
100%
r
100%
r
100%
t
100%
t
100%
d
97%
e
97%
i
97%
p
97%
n
94%
k
91%
c
88%
e
88%
i
88%
k
88%
l
88%
p
88%
s
88%
No matching quizzes found
Score Distribution
Percent of People with Each Score
Percentile by Number Answered
Your Score History
You have not taken this quiz